| 000 | 00535nam a22001937a 4500 | ||
|---|---|---|---|
| 999 |
_c18131 _d18131 |
||
| 003 | AR-CdUCM | ||
| 008 | 190513b ||||| |||| 00| 0 spa d | ||
| 040 |
_aMUNICIPALIDAD PROVINCIAL DEL CUSCO _cBIBLIOTECA MUNICIPAL DEL CUSCO |
||
| 082 |
_a808 / _bAL45 |
||
| 100 |
_aAlomar, Gabriel _915066 |
||
| 245 | _aVerba / | ||
| 260 |
_aMadrid : _bBiblioteca nueva, |
||
| 300 |
_a272 paginas ; _c19 cm. |
||
| 500 | _aObra literaria | ||
| 650 |
_aObra _91250 |
||
| 650 |
_aLiteraria _9834 |
||
| 942 |
_2ddc _cLIBROS |
||
| 945 |
_apjha _d2019-05-13 |
||